Statistics for Countries where I am a Millionaire

Click here to take the quiz!

General Stats

  • This quiz has been taken 12 times
  • The average score is 21 of 46

Answer Stats

Country:% Correct
Zimbabwe
83%
Angola
75%
Democratic Republic of the Congo
67%
Gabon
67%
Iran
67%
Iraq
67%
Uganda
67%
Zambia
67%
Benin
58%
Burundi
58%
Central African Republic
58%
Chad
58%
Mali
58%
Niger
58%
Nigeria
58%
Republic of the Congo
58%
Rwanda
58%
Togo
58%
Guinea
50%
Guinea-Bissau
50%
Malawi
50%
Somalia
50%
Sudan
50%
Syria
50%
Tanzania
50%
Burkina Faso
42%
Cambodia
42%
Cameroon
42%
Equatorial Guinea
42%
Senegal
42%
Armenia
33%
Chile
33%
Colombia
33%
Ivory Coast
33%
Laos
33%
Mongolia
33%
Pakistan
33%
Vietnam
33%
Argentina
25%
Comoros
25%
Madagascar
25%
Myanmar
25%
Paraguay
25%
Uzbekistan
25%
Lebanon
17%
Sri Lanka
0%

Score Distribution

Percentile by Number Answered

Percent of People with Each Score

Your Score History

You have not taken this quiz